Belief in free will, desirability of control, and acceptance of exoskeletons
This project investigates the influence of abstract free will beliefs on the acceptance of exoskeletons that are designed to support the mobility of mobility-restricted persons. As a possible mediator we assess the desirability of control. Exoskeletons enable people with reduced mobility to have mor...
Saved in:
| Main Authors: | , , |
|---|---|
| Format: | Article (Journal) Chapter/Article |
| Language: | English |
| Published: |
Jan 18, 2021
|
| In: |
Open Science Framework
|
| DOI: | 10.17605/osf.io/vqbrf |
| Online Access: | Resolving-System, kostenfrei, Volltext: https://doi.org/10.17605/osf.io/vqbrf Verlag, kostenfrei, Volltext: https://osf.io/vqbrf |
| Author Notes: | Maximilian Theisen, Alica Mertens, Joachim Funke |
MARC
| LEADER | 00000naa a2200000 c 4500 | ||
|---|---|---|---|
| 001 | 1963007921 | ||
| 003 | DE-627 | ||
| 005 | 20260226122816.0 | ||
| 007 | cr uuu---uuuuu | ||
| 008 | 260226s2021 xx |||||o 00| ||eng c | ||
| 024 | 7 | |a 10.17605/osf.io/vqbrf |2 doi | |
| 035 | |a (DE-627)1963007921 | ||
| 035 | |a (DE-599)KXP1963007921 | ||
| 040 | |a DE-627 |b ger |c DE-627 |e rda | ||
| 041 | |a eng | ||
| 084 | |a 11 |2 sdnb | ||
| 100 | 1 | |a Theisen, Maximilian |d 1992- |e VerfasserIn |0 (DE-588)1240712626 |0 (DE-627)1769534970 |4 aut | |
| 245 | 1 | 0 | |a Belief in free will, desirability of control, and acceptance of exoskeletons |c Maximilian Theisen, Alica Mertens, Joachim Funke |
| 264 | 1 | |c Jan 18, 2021 | |
| 336 | |a Text |b txt |2 rdacontent | ||
| 337 | |a Computermedien |b c |2 rdamedia | ||
| 338 | |a Online-Ressource |b cr |2 rdacarrier | ||
| 500 | |a Gesehen am 26.02.2026 | ||
| 520 | |a This project investigates the influence of abstract free will beliefs on the acceptance of exoskeletons that are designed to support the mobility of mobility-restricted persons. As a possible mediator we assess the desirability of control. Exoskeletons enable people with reduced mobility to have more control over their motions. However, they require that people transfer some control to the exoskeletons in order to profit from them. Therefore, we expect that a high desirability of control would reduce the acceptance of exoskeletons. - A philosophical concept that is highly associated with personal control is free will. The belief in free will is established across multiple cultures. We expect, that an experimental reduction of the belief in free will would lead to an increase in the desirability of control. Altogether, this implies that a reduction in free will belief reduces the acceptance of exoskeletons, mediated by the desirability of control. | ||
| 700 | 1 | |a Mertens, Alica |d 1990- |e VerfasserIn |0 (DE-588)1163419559 |0 (DE-627)1027797156 |0 (DE-576)507990196 |4 aut | |
| 700 | 1 | |a Funke, Joachim |d 1953- |e VerfasserIn |0 (DE-588)120016877 |0 (DE-627)080387993 |0 (DE-576)291997201 |4 aut | |
| 773 | 0 | 8 | |i Enthalten in |t Open Science Framework |d Charlottesville, VA : Center for Open Science, 2017 |g (2021) vom: 18. Jan. |h Online-Ressource |w (DE-627)1033571210 |w (DE-600)2945905-9 |w (DE-576)512062722 |7 nnas |a Belief in free will, desirability of control, and acceptance of exoskeletons |
| 773 | 1 | 8 | |g year:2021 |g day:18 |g month:01 |a Belief in free will, desirability of control, and acceptance of exoskeletons |
| 856 | 4 | 0 | |u https://doi.org/10.17605/osf.io/vqbrf |x Resolving-System |x Verlag |z kostenfrei |3 Volltext |7 0 |
| 856 | 4 | 0 | |u https://osf.io/vqbrf |x Verlag |z kostenfrei |3 Volltext |7 0 |
| 951 | |a AR | ||
| 992 | |a 20260226 | ||
| 993 | |a Article | ||
| 994 | |a 2021 | ||
| 998 | |g 120016877 |a Funke, Joachim |m 120016877:Funke, Joachim |d 100000 |d 100200 |e 100000PF120016877 |e 100200PF120016877 |k 0/100000/ |k 1/100000/100200/ |p 3 |y j | ||
| 998 | |g 1163419559 |a Mertens, Alica |m 1163419559:Mertens, Alica |d 100000 |d 100200 |e 100000PM1163419559 |e 100200PM1163419559 |k 0/100000/ |k 1/100000/100200/ |p 2 | ||
| 998 | |g 1240712626 |a Theisen, Maximilian |m 1240712626:Theisen, Maximilian |d 100000 |d 100200 |d 100000 |e 100000PT1240712626 |e 100200PT1240712626 |e 100000PT1240712626 |k 0/100000/ |k 1/100000/100200/ |k 0/100000/ |p 1 |x j | ||
| 999 | |a KXP-PPN1963007921 |e 4922921826 | ||
| BIB | |a Y | ||
| JSO | |a {"type":{"media":"Online-Ressource","bibl":"chapter"},"person":[{"display":"Theisen, Maximilian","given":"Maximilian","family":"Theisen","role":"aut"},{"display":"Mertens, Alica","given":"Alica","family":"Mertens","role":"aut"},{"role":"aut","display":"Funke, Joachim","given":"Joachim","family":"Funke"}],"recId":"1963007921","title":[{"title":"Belief in free will, desirability of control, and acceptance of exoskeletons","title_sort":"Belief in free will, desirability of control, and acceptance of exoskeletons"}],"origin":[{"dateIssuedDisp":"Jan 18, 2021","dateIssuedKey":"2021"}],"name":{"displayForm":["Maximilian Theisen, Alica Mertens, Joachim Funke"]},"language":["eng"],"relHost":[{"title":[{"subtitle":"a scholary commons to connect the entire research cycle","title_sort":"Open Science Framework","title":"Open Science Framework"}],"titleAlt":[{"title":"OSF"}],"recId":"1033571210","physDesc":[{"extent":"Online-Ressource"}],"part":{"text":"(2021) vom: 18. Jan.","year":"2021","volume":"(2021) vom: 18. Jan."},"type":{"bibl":"edited-book","media":"Online-Ressource"},"disp":"Belief in free will, desirability of control, and acceptance of exoskeletonsOpen Science Framework","id":{"eki":["1033571210"],"zdb":["2945905-9"]},"note":["Gesehen am 18.10.2018"],"origin":[{"publisher":"Center for Open Science","dateIssuedDisp":"[2017?]","dateIssuedKey":"2017","publisherPlace":"Charlottesville, VA"}],"corporate":[{"role":"isb","display":"Center for Open Science"}],"language":["eng"]}],"note":["Gesehen am 26.02.2026"],"id":{"doi":["10.17605/osf.io/vqbrf"],"eki":["1963007921"]}} | ||
| SRT | |a THEISENMAXBELIEFINFR1820 | ||